| 000 | 00690nam a22002297a 4500 | ||
|---|---|---|---|
| 999 |
_c2895 _d2895 |
||
| 001 | 20817 | ||
| 003 | BD-DhUAP | ||
| 005 | 20200229135455.0 | ||
| 008 | 200229s1999 ii ||||| |||| 00| 0 eng d | ||
| 020 | _a9780195646580 | ||
| 020 | _a0195646584 | ||
| 040 |
_aBD-DhUAP _bEng _cBD-DhUAP _dBD-DhUAP |
||
| 082 |
_223 _a954.025 MED |
||
| 245 |
_aMedieval India 1 : _bresearches in the history of India 1200-1750 / _cEdited by Irfan Habib. |
||
| 260 |
_aNew Delhi : _bOxford University Press, _c1999. |
||
| 300 |
_a224 pages ; _c22 cm. |
||
| 651 |
_aIndia _vHistory _y1000-1526. |
||
| 651 |
_aIndia _vHistory _y1526-1765. |
||
| 651 | _aIndia. | ||
| 700 | _a Habib, Irfan. | ||
| 942 |
_2ddc _cBK |
||